Cordage and cables : their uses at sea (Record no. 2348)

000 -LEADER
fixed length control field 00413nam a22001577a 4500
008 - FIXED-LENGTH DATA ELEMENTS--GENERAL INFORMATION
fixed length control field 200225b ||||| |||| 00| 0 eng d
082 00 - DEWEY DECIMAL CLASSIFICATION NUMBER
Classification number 677.71
Item number S883
100 ## - MAIN ENTRY--PERSONAL NAME
9 (RLIN) 1928
Personal name Stopford, P. J.
245 10 - TITLE STATEMENT
Title Cordage and cables : their uses at sea
250 ## - EDITION STATEMENT
Edition statement 2nd ed.
260 ## - PUBLICATION, DISTRIBUTION, ETC. (IMPRINT)
Place of publication, distribution, etc Glasgow
Name of publisher, distributor, etc Brown,Son & Ferguson
Date of publication, distribution, etc 1946
300 ## - PHYSICAL DESCRIPTION
Extent vii,116 p.
365 ## - TRADE PRICE
Unit of pricing 5.10
650 #0 - SUBJECT ADDED ENTRY--TOPICAL TERM
Topical term or geographic name as entry element Cables
942 ## - ADDED ENTRY ELEMENTS (KOHA)
Item type Books
Holdings
Withdrawn status Lost status Source of classification or shelving scheme Damaged status Not for loan Permanent location Current location Date acquired Source of acquisition Full call number Barcode Date last seen Koha item type
          IMU Kolkata IMU Kolkata 1954-03-10 A. H. Wheeler 677.71 S883 01924 2020-02-25 Books
Designed and Maintained by IMU-KC Library, Kolkata Campus © Copyright All Rights Reserved

webs counters

Powered by Koha